[Event "CHI-ch"]
[White "Bahamondes Ortiz, Benjamin"]
[Black "Olivares Olivares, Claudio"]
[Site "Las Condes"]
[Round "9"]
[Result "0-1"]
[Date "2022.02.25"]
[WhiteElo "2164"]
[BlackElo "2380"]
[PlyCount "90"]
[EventDate "2022.02.18"]
[EventType "tourn"]
[EventRounds "11"]
[EventCountry "CHI"]
[SourceTitle "CBM 207 Extra"]
[Source "ChessBase"]
[SourceDate "2022.05.31"]
[SourceVersion "1"]
[SourceVersionDate "2022.05.31"]
[SourceQuality "1"]

1. d4 Nf6 2. c4 g6 3. Nc3 Bg7 4. e4 d6 5. h3 0-0 6. Be3 e5 7. d5 Na6 8. Be2 Nc5 9. Qc2 a5 10. g4 c6 11. Nf3 cxd5 12. cxd5 Ne8 13. 0-0-0 Bd7 14. Kb1 Rc8 15. Bb5 Bxb5 16. Nxb5 Nf6 17. Na7 Ra8 18. Bxc5 dxc5 19. Nb5 a4 20. Rhe1 Qa5 21. Na3 Nd7 22. Qc4 b5 23. Qxb5 Qa7 24. Qd3 c4 25. Qxc4 Qxf2 26. Qe2 Qa7 27. Nd2 Bh6 28. Ndc4 Rab8 29. Rf1 Rb4 30. h4 Bf4 31. Rxf4 exf4 32. e5 Nb6 33. Nd6 f3 34. Qxf3 Qe7 35. Qe2 Rd8 36. Nc2 Rf4 37. Qe3 Nxd5 38. Rxd5 Rf1+ 39. Ne1 Qxh4 40. Rd1 Qxg4 41. Rc1 h5 42. a3 h4 43. Ne4 Qf5 44. Ka1 Qxe5 45. Qh3 Rb8 0-1

[Event "CHI-ch"]
[White "Lopez Silva, Hugo Andres"]
[Black "Olivares Olivares, Claudio"]
[Site "Las Condes"]
[Round "7"]
[Result "0-1"]
[Date "2022.02.23"]
[WhiteElo "2407"]
[BlackElo "2380"]
[PlyCount "90"]
[EventDate "2022.02.18"]
[EventType "tourn"]
[EventRounds "11"]
[EventCountry "CHI"]
[SourceTitle "CBM 207 Extra"]
[Source "ChessBase"]
[SourceDate "2022.05.31"]
[SourceVersion "1"]
[SourceVersionDate "2022.05.31"]
[SourceQuality "1"]

1. e4 c5 2. Nf3 d6 3. d4 cxd4 4. Nxd4 Nf6 5. Nc3 a6 6. Be3 e5 7. Nb3 Be6 8. Qd2 Nbd7 9. f3 b5 10. 0-0-0 b4 11. Nd5 Bxd5 12. exd5 Nb6 13. Qxb4 Nfxd5 14. Bxb6 Nxb6 15. Bxa6 Be7 16. Bb5+ Nd7 17. Qg4 Rxa2 18. Kb1 Ra7 19. Qxg7 Bf6 20. Qh6 Ke7 21. g4 Rg8 22. Qxh7 Nc5 23. Nxc5 Qa5 24. c4 Rg6 25. Ne4 Qa2+ 26. Kc2 Ra3 27. Nxf6 Qb3+ 28. Kb1 Rxf6 29. Qc2 Ra1+ 30. Kxa1 Qxc2 31. h4 Rxf3 32. Rc1 Qd2 33. Rhd1 Qf2 34. Ka2 Rh3 35. c5 Rh2 36. cxd6+ Kd8 37. Rb1 Qb6 38. Rd5 Qa5+ 39. Kb3 Rh3+ 40. Kc2 Qa2 41. Rxe5 Qb3+ 42. Kc1 Rh1+ 43. Kd2 Qb4+ 44. Ke3 Rh3+ 45. Ke2 Qxg4+ 0-1

[Event "CHI-ch"]
[White "Gasic Merino, Franco Ignacio"]
[Black "Olivares Olivares, Claudio"]
[Site "Santiago de Chile"]
[Round "4"]
[Result "1-0"]
[Date "2020.02.14"]
[WhiteElo "2168"]
[BlackElo "2395"]
[PlyCount "97"]
[EventDate "2020.02.11"]
[EventType "tourn"]
[EventRounds "11"]
[EventCountry "CHI"]
[EventCategory "2"]
[SourceTitle "CBM 195 Extra"]
[Source "ChessBase"]
[SourceDate "2020.05.31"]
[SourceVersion "1"]
[SourceVersionDate "2020.05.31"]
[SourceQuality "1"]

1. d4 Nf6 2. g3 d5 3. Nf3 c6 4. c4 dxc4 5. Bg2 b5 6. Ne5 Bb7 7. a4 Qc8 8. 0-0 e6 9. b3 cxb3 10. Qxb3 b4 11. a5 c5 12. Bxb7 Qxb7 13. Be3 cxd4 14. Bxd4 Be7 15. a6 Qd5 16. Qa4+ Nbd7 17. Rd1 Rd8 18. Nc6 Nb6 19. Nxe7+ Nxa4 20. Nxd5 Nxd5 21. Rxa4 Ne7 22. Rd3 Nc6 23. Bxg7 Rxd3 24. exd3 Rg8 25. Bh6 Kd7 26. Nd2 Kc7 27. Be3 Rd8 28. d4 Rd5 29. Nb3 Kb6 30. Ra1 Nb8 31. Nc5 Kb5 32. Rb1 Nc6 33. Nd3 Rd6 34. Kf1 e5 35. Nxe5 Nxe5 36. dxe5 Rxa6 37. Bd2 Ra4 38. f4 a5 39. f5 Ra2 40. e6 fxe6 41. fxe6 Rc2 42. Rc1 Rxc1+ 43. Bxc1 Kc6 44. Ke2 Kd6 45. Kd3 Kxe6 46. Kc4 Kf5 47. Bf4 Kg4 48. h4 h5 49. Bc7 1-0

[Event "Arica op 6th"]
[White "Olivares Olivares, Claudio"]
[Black "Petrov, Nikita"]
[Site "Arica"]
[Round "4"]
[Result "0-1"]
[Date "2019.12.17"]
[WhiteElo "2403"]
[BlackElo "2585"]
[PlyCount "68"]
[EventDate "2019.12.15"]
[EventType "swiss"]
[EventRounds "10"]
[EventCountry "CHI"]
[SourceTitle "CBM 193 Extra"]
[Source "ChessBase"]
[SourceDate "2020.01.31"]
[SourceVersion "1"]
[SourceVersionDate "2020.01.31"]
[SourceQuality "1"]

1. e4 c5 2. Nf3 e6 3. d4 cxd4 4. Nxd4 Nc6 5. Nc3 Qc7 6. Be3 a6 7. Qd2 Nf6 8. 0-0-0 Be7 9. f3 b5 10. g4 Nxd4 11. Bxd4 b4 12. Na4 Rb8 13. g5 Nh5 14. Kb1 0-0 15. b3 d5 16. e5 Bd7 17. f4 Bxa4 18. bxa4 g6 19. Bxa6 Qa5 20. Bb5 Rxb5 21. axb5 Ra8 22. c4 dxc4 23. b6 Qb5 24. Qg2 Rb8 25. Rhf1 Ng7 26. Qe2 Nf5 27. Bg1 Bc5 28. Rc1 Bxg1 29. Rxg1 b3 30. a4 Qxb6 31. Rgd1 Ne3 32. Rd6 Qc5 33. Rc3 Nc2 34. Qd1 Qa3 0-1